| 000 | 00667 a2200181 4500 | ||
|---|---|---|---|
| 999 |
_c6178 _d6178 |
||
| 020 | _a9780072927320 | ||
| 050 | 0 | 0 | _aTX 354 WOR 2000 |
| 100 |
_aWorthington-Roberts, Bonnie S. _eeditor |
||
| 245 | 0 | 0 |
_aNutrition throughout the life cycle / _cBonnie S. Worthington-Roberts, Sue Rodwell Williams ; contributors, Donna B. Johnson ... [et al.]. |
| 250 | _a4th ed. | ||
| 264 |
_aU.S.A.: _bMcGraw Hill, _c2000 |
||
| 300 |
_a469 p. : _bill. |
||
| 500 | _aIncludes bibliographical references and index | ||
| 504 | _aIncludes bibliographical references and index | ||
| 650 | 0 | _aNutrition | |
| 700 | 1 |
_aWilliams, Sue Rodwell _eeditor |
|
| 942 |
_2lcc _cBK _e4th ed. _h354 _iWOR _kTX |
||